[Event "Lebu op 7th"]
[Site "Lebu"]
[Date "2018.03.30"]
[Round "2.2"]
[White "Aguirre Contreras, Cristian Rodrigo"]
[Black "Martinez, Victor"]
[Result "1-0"]
[WhiteElo "2261"]
[BlackElo "1968"]
[PlyCount "57"]
[EventDate "2018.03.30"]
[EventType "swiss"]
[EventRounds "5"]
[EventCountry "CHI"]
[SourceTitle "EXT 2024"]
[Source "ChessBase"]
[SourceDate "2023.10.10"]
[SourceVersion "1"]
[SourceVersionDate "2023.10.10"]
[SourceQuality "1"]

1. Nf3 Nf6 2. b3 g6 3. Bb2 Bg7 4. g3 d5 5. Bg2 0-0 6. 0-0 c6 7. d3 Nbd7 8. Nbd2 Re8 9. e4 e5 10. Qe2 d4 11. h3 h6 12. Nh2 Nh5 13. a4 Nf8 14. a5 Ne6 15. Nc4 Ng5 16. Ng4 Kh7 17. Kh2 Qc7 18. Bc1 Ne6 19. Qd2 f5 20. Nxh6 f4 21. Ng4 Rf8 22. Qd1 Bd7 23. Ba3 Rf7 24. Bd6 Qc8 25. Ncxe5 fxg3+ 26. fxg3 Rxf1 27. Qxf1 Ng5 28. Be7 Bxe5 29. Nxe5 1-0